000 00713nam a2200229 i 4500
001 73983
003 ES-MaACL
005 20251003063106.0
007 t|
008 040914s1981 sp ||||1| spa d
100 1 _aGonzález Bernáldez, Fernando,
_d1933-1992
_958454
245 1 0 _aEcología y paisaje /
_cFernando González Bernáldez.
250 _a[1ª ed.].
260 _a[Madrid] :
_bH. Blume,
_c[1981]
300 _aVIII, 250 p. 2 lám. :
_bil. ;
_c21 cm.
490 1 _aCiencias de la naturaleza
504 _aBibliografía.
650 4 _aEcología del paisaje.
_9166484
830 0 _aCiencias de la naturaleza
_9183428
852 _aES-MaACL
_jL-2483
_bR.103038
999 _c73983
_d73983